ukážka aplikácie rezového mikroprocesora pre riadenie pohybových akčných členov

Bibliographic Details
Main Author: Dzurák, Vladimír (Author)
Format: Article
Language:Slovak
PhysicalDescription:Sch. 1.
Subjects:

MARC

LEADER 00000nab a2200000 a 4500
001 vtls000239594
003 SK-MaSNL
005 20260304002142.0
008 111202c1985 xo 0 slo
015 |a SNBRA19rr/mm-uuuuu 
035 |a CL0249708 
040 |a SNKBUCL  |b slo  |c SNKBUCL  |e AACR2 
041 0 |a slo 
044 |a xo  |c SK 
080 |a 681.513.3:681.3  |2 1981 
080 |a 681.3  |2 1981 
100 1 |a Dzurák, Vladimír  |4 aut  |9 930176 
245 1 0 |a ukážka aplikácie rezového mikroprocesora pre riadenie pohybových akčných členov  |c Vladimír Dzurák 
300 |b Sch. 1. 
650 0 7 |a servosystémy polohovacie  |2 snkbucl  |9 930222 
650 0 7 |a riadiace systémy  |2 snkbucl  |9 20165 
650 0 7 |a turistické chodníky  |2 snkbucl  |9 71065 
655 7 |a články zo zborníkov  |2 snkbucl  |9 166140 
773 0 |t Snímače a akčné členy v technologických a robotických systémoch  |d Bratislava : Dom techniky ČSVTS, 1985  |g S. 100-103 
850 |a Slovenská národná knižnica v Martine  |a MTA001 
852 |a SNK  |b KIS3GCP 
958 |a RK 
992 |a RZB 
999 |c 2540413  |d 2542343